Civil society in Bangladesh : resilience and retreat /

Dades bibliogràfiques
Autor principal: Mamoon, Muntassir, 1951-
Autor corporatiu: University of Calcutta. Dept. of History
Altres autors: Ray, Jayanta Kumar
Format: Llibre
Idioma:English
Publicat: Dhaka : Subarna, 1998.
Edició:First edition.
Col·lecció:Monograph (University of Calcutta. Dept. of History) ; 10.
Matèries:
Classic Catalogue: View this record in Classic Catalogue
LEADER 01209nam a2200301 a 4500
003 BD-DhAAL
008 101002s1998 bg b 001 0 eng d
020 |a 817102047X 
020 |a 984459029X 
040 |a DLC  |c DLC  |d BD-DhAAL 
082 0 0 |a 954.92  |2 21 
100 1 |a Mamoon, Muntassir,  |d 1951-  |9 60153 
245 1 0 |a Civil society in Bangladesh :  |b resilience and retreat /  |c Muntassir Mamoon, Jayanta Kumar Ray. 
250 |a First edition. 
260 |a Dhaka :  |b Subarna,  |c 1998. 
300 |a xi, 302 pages ;  |c 22 cm. 
490 1 |a Monograph / Department of History, University of Calcutta ;  |v 10 
504 |a Includes bibliographical references and index. 
541 1 |e 00020069 
651 0 |a Bangladesh  |x Social conditions. 
651 0 |a Bangladesh  |x Politics and government. 
700 1 |a Ray, Jayanta Kumar.  |9 48747 
710 2 |a University of Calcutta.  |b Dept. of History.  |9 60154 
830 0 |a Monograph (University of Calcutta. Dept. of History) ;  |v 10.  |9 60155 
852 4 |a Ayesha Abed Library  |j General Shelf 
942 |2 ddc  |c BK 
999 |c 8775  |d 8775 
952 |0 0  |1 0  |2 ddc  |4 0  |6 954_920000000000000_MAM_1998  |7 0  |9 10637  |a BRACUL  |b BRACUL  |c GEN  |d 2010-06-03  |l 0  |o 954.92 MAM  |p 3010020069  |r 2010-06-03  |t 1  |w 2010-06-03  |y BK